000 00564nam a2200181Ia 4500
008 230917s9999||||xx |||||||||||||| ||und||
020 _cUSD58
040 _e248647
_aMAIN
041 _aEnglish
082 _a001.4226 E25P(2)
100 _aEvergreen, Stephanie D H
245 0 _aPresenting data effectively: Communicating your findings for maximum impact
250 _a2nd ed.
260 _aCalifornia
_bSage Publications
_c2018
300 _axx, 226 p.
500 _a3178 18/07/2018 RK18/937 24/07/2018 Ch. Ranbir Singh Institute of Social and
942 _cBK
999 _c27282
_d27282